000 00744nam a22002177a 4500
005 20140731114346.0
010 _aENG-110060
020 _a9789380607443
_c995.00
035 _aEN-93593
037 _bDBAD/PUB
082 _a954.8021
100 _aHall, Kenneth R.
245 _aNetworks of trade, polity, and societal integration in Chola-era South India, c. 875-1279 /
_cby Kenneth R. Hall
260 _aDelhi
_bPrimus Books
_c2014
270 _aVirat Bhavan, Mukherjee Nagar Commercial Complex
_bDelhi
_e110009
300 _axiii,277p. :
_bill.,maps
_c24cm(Hb)
500 _aIncludes bibliographical references and index.
600 _a Choḷa dynasty,
_d850-1279.
700 _a
942 _2ddc
_cEN
_mHAL
_h954.8021
999 _c84461
_d84461